| 000 | 00510nam a2200181Ia 4500 | ||
|---|---|---|---|
| 999 |
_c22560 _d22560 |
||
| 003 | OSt | ||
| 005 | 20200518103851.0 | ||
| 008 | 190216s9999||||xx |||||||||||||| ||und|| | ||
| 040 | _coclc | ||
| 082 |
_a297 _bMOU/F |
||
| 100 |
_aMoudoodi, Abul Ala _91860 |
||
| 245 | 0 |
_aFundamentals Of Islam / _cAbul Ala Moudoodi |
|
| 250 | _a5th Ed. | ||
| 260 |
_bMarkazi Maktaba Islami, _c2003. _aDelhi: |
||
| 300 | _a311p | ||
| 650 | _aIslamic History | ||
| 942 |
_cBK _2ddc _h297 _iMOU/F _k297 _mMOU/F |
||